Je rychlá privatizace nutná?

Názor západonemeckého podnikateľa na transformáciu čs. ekonomiky - na svete nejestvuje krajina, ekonomika ktorá by bola riadená len trhovým mechanizmom. To platí aj pre bývalé socialistické krajiny. Podmienky vytvárania trhového hospodárstva. Návrh cesty premeny plánovaného hospodárstva na trhové. N...

ver descrição completa

Na minha lista:
Detalhes bibliográficos
Autor principal: Vielberth, J.
Formato: Capítulo de Livro
Idioma:tcheco
Assuntos:
Tags: Adicionar Tag
Sem tags, seja o primeiro a adicionar uma tag!

MARC

LEADER 00000naa a2200000 4500
001 r006011
005 20221125080035.2
041 0 |a cze 
044 |a [CS] 
245 1 0 |a Je rychlá privatizace nutná?  |c J. Vielberth 
520 |a Názor západonemeckého podnikateľa na transformáciu čs. ekonomiky - na svete nejestvuje krajina, ekonomika ktorá by bola riadená len trhovým mechanizmom. To platí aj pre bývalé socialistické krajiny. Podmienky vytvárania trhového hospodárstva. Návrh cesty premeny plánovaného hospodárstva na trhové. Nemecké skúsenosti. 
610 2 0 |a privatizácia 
610 2 0 |a mechanizmus trhový 
610 2 0 |a hospodárstvo trhové 
610 2 0 |a reformy hospodárske 
610 2 0 |a ČSFR 
610 2 0 |a Nemecko 
100 1 |a Vielberth, J.